[Event "72. Corus Chess 2010 GM-C"]
[Site "Wijk aan Zee NED"]
[Date "2010.01.23"]
[Round "7.7"]
[White "Van Kampen, Robin"]
[Black "Lie, Kjetil"]
[Result "1/2-1/2"]
[WhiteElo "2456"]
[BlackElo "2547"]
[PlyCount "20"]
[EventDate "2010.01.16"]
[EventType "tourn"]
[EventRounds "13"]
[EventCountry "NED"]
[EventCategory "9"]
[Source "lmi"]
[SourceDate "2010.01.16"]

1. e4 c5 2. Nf3 g6 3. d4 cxd4 4. Qxd4 Nf6 5. e5 Nc6 6. Qa4 Nd5 7. Qe4 Nb6 8.
Nc3 d5 9. exd6 Bf5 10. Qe2 Qxd6 1/2-1/2